000 02379nam2a2200337 4500
001 RU\NLR\BIBL_A\011907155
005 20190130145313.0
010 _a978-5-86007-885-7
_9300
021 _aRU
_bКН-П-18-093017
_9КН-П-18-6743
035 _a(NLR Aleph) 011907155
090 _a10914951
_c10914951
100 _a20190111d2018 u y0rusy50 ca
101 0 _arus
_deng
102 _aRU
105 _aach|z|||001ey
200 1 _aПереписка с Ф.Ф. Фортунатовым, В.Н. Перетцем, В.М. Истриным
_dCorrespondence with F.F. Fortunatov, V.N. Peretz, V.M. Istrin
_zeng
210 _d2018
215 _a942, [1] с., [16] л. ил., цв. ил., портр., факс.
320 _aБиблиогр.: с. 863-875 и в конце документов
320 _aИмен. указ.: с. 876-938
461 0 _1001RU\NLR\BIBL_A\011912418
_12001#$aИзбранная переписка$dSelected correspondence$eв трех томах$fАлексей Александрович Шахматов$g[авторы-составители: В.Г. Вовина-Лебедева и др.$gответственный редактор: доктор исторических наук В.Г. Вовина-Лебедева]$gРоссийская академия наук, Санкт-Петербургский институт истории РАН [и др.]$zeng$vТ. 1
_1700#1$aШахматов$bА. А.$f1864-1920$gАлексей Александрович$3RU\NLR\AUTH\77100647
_910944340
_aШахматов, А. А. (1864-1920)
_cСанкт-Петербург
_d2018
_fАлексей Александрович Шахматов
_lSelected correspondence
_nДмитрий Буланин
_oв трех томах
_tИзбранная переписка
_vТ. 1
510 1 _aCorrespondence with F.F. Fortunatov, V.N. Peretz, V.M. Istrin
_zeng
702 1 _4570
_7ca
_8rus
_aФортунатов
_bФ. Ф.
_f1848-1914
_gФилипп Федорович
_9115950
_3RU\NLR\AUTH\775994
702 1 _4570
_7ca
_8rus
_aПеретц
_bВ. Н.
_f1870-1935
_gВладимир Николаевич
_972707
_3RU\NLR\AUTH\7789780
702 1 _aИстрин
_bВ. М.
_f1865-1937
_gВасилий Михайлович
_4570
942 _cBOOK
980 _aNBR
980 _aNB